000 01057nam a2200265Ia 4500
003 OSt
005 20220918110950.0
006 a|||||r|||| 00| 0
007 ta
008 220915b |||||||| |||| 00| 0 hin d
020 _a9789350002100 (hbk)
_c5000
024 _a255280
037 _b523, 10/03/2010, Vani Prakashan
_cReference Collections
040 _aARTS
_cARTS
_bhin
041 _2hin
_ahin
082 _aO151,1N06x, Q0.1-.5(RR)
100 _aझा, रमानाथ
_910319
245 0 _aआचार्य रमानाथ झा रचनावली
246 _aĀchārya ramānāth zā rachanāvalī
260 _aनई दिल्ली
_bवाणी प्रकाशन भारत
_c2010
490 _vखण्ड 1
700 _a भाद्वाज, मोहन, संपा.
942 _hO151,1N06x, Q0.1-.5(RR)
_cREF
999 _c116066
_d116066